[Event "GER-ch Seniors 65 32nd"]
[Site "Magdeburg"]
[Date "2020.08.20"]
[Round "7"]
[White "Khanukov, Boris"]
[Black "Braeunlin, Herbert"]
[Result "1/2-1/2"]
[WhiteElo "2291"]
[BlackElo "2031"]
[PlyCount "79"]
[EventDate "2020.08.14"]
[EventType "swiss"]
[EventRounds "9"]
[EventCountry "GER"]
[SourceTitle "EXT 2021"]
[Source "ChessBase"]
[SourceDate "2020.10.23"]
[SourceVersion "1"]
[SourceVersionDate "2020.10.23"]
[SourceQuality "1"]

1. d4 d5 2. c4 e6 3. Nc3 Nf6 4. Bg5 Nbd7 5. cxd5 exd5 6. e3 h6 7. Bh4 Be7 8. Nf3 0-0 9. Bd3 Re8 10. Qc2 c6 11. 0-0 Ne4 12. Bxe7 Qxe7 13. Rab1 Ndf6 14. b4 a6 15. a4 Bf5 16. Ne2 Rac8 17. Ne5 Bh7 18. Rfc1 Nd6 19. Ng3 Bxd3 20. Qxd3 Nd7 21. Nxd7 Qxd7 22. h3 b5 23. a5 Nc4 24. Re1 Re6 25. Ne2 Rce8 26. Qf5 Qe7 27. Nf4 Re4 28. Red1 Nd6 29. Qh5 Rxe3 30. Nxd5 cxd5 31. fxe3 Qxe3+ 32. Kh2 Qf4+ 33. Kg1 Qe3+ 34. Kh2 Qf4+ 35. Kg1 Qe3+ 36. Kh1 Ne4 37. Qxd5 Nf2+ 38. Kh2 Nxd1 39. Rxd1 Re6 40. Qh5 1/2-1/2

[Event "GER-chT Seniors 26th"]
[Site "Templin"]
[Date "2017.10.01"]
[Round "7.6"]
[White "Kierzek, Matthias"]
[Black "Khanukov, Boris"]
[Result "1-0"]
[WhiteElo "2277"]
[BlackElo "2306"]
[PlyCount "73"]
[EventDate "2017.09.25"]
[EventType "team-swiss"]
[EventRounds "7"]
[EventCountry "GER"]
[SourceTitle "EXT 2019"]
[Source "ChessBase"]
[SourceDate "2018.10.10"]
[SourceVersion "1"]
[SourceVersionDate "2018.10.10"]
[SourceQuality "1"]
[WhiteTeam "Hessen"]
[BlackTeam "Nordrhein Westfalen"]
[WhiteTeamCountry "GER"]
[BlackTeamCountry "GER"]

1. d4 Nf6 2. c4 e6 3. Nf3 d5 4. Nc3 Be7 5. Bf4 0-0 6. e3 c5 7. dxc5 Bxc5 8. cxd5 Nxd5 9. Nxd5 exd5 10. Bd3 Bb4+ 11. Nd2 Qa5 12. a3 Bxd2+ 13. Qxd2 Qxd2+ 14. Kxd2 Nc6 15. b4 Be6 16. Rac1 Rac8 17. Rc5 f6 18. Rhc1 Ne5 19. Rxc8 Rxc8 20. Rxc8+ Bxc8 21. Bxe5 fxe5 22. f4 e4 23. Bc2 Kf7 24. Kc3 Ke7 25. Kd4 Kd6 26. Bb3 Be6 27. g4 h6 28. f5 Bf7 29. h4 b6 30. g5 hxg5 31. hxg5 g6 32. fxg6 Bg8 33. Ba4 Be6 34. Be8 Ke7 35. Bf7 Bf5 36. Ke5 Bg4 37. Bxd5 1-0